| 000 | 00417nam a2200169Ia 4500 | ||
|---|---|---|---|
| 003 | SGT | ||
| 020 | _a9788131725283 | ||
| 082 |
_a5.43 _bSTA |
||
| 100 | _aStallings,William | ||
| 245 | _aOperating systems | ||
| 250 | _a6th Ed. | ||
| 260 |
_bPearson _aN.Delhi _c2012 |
||
| 300 | _a822p. | ||
| 650 | _aCOMPUTER SCIENCE | ||
| 653 | _aCOMPUTER SYSTEM OVERVIEW , OPERATING SYSTEM MEMORY MANAGEMENT | ||
| 942 |
_2ddc _cBK _015 |
||
| 999 |
_c5325 _d5325 |
||